Faculty of Law Library — Cairo University

Official Online Catalog

Outline of the English legal system and selected legal readings / (Record no. 52063)

MARC details
000 -LEADER
fixed length control field 01014nac a2200277 i 4500
003 - CONTROL NUMBER IDENTIFIER
control field EG-GICUC
005 - DATE AND TIME OF LATEST TRANSACTION
control field 20260121101530.0
008 - FIXED-LENGTH DATA ELEMENTS--GENERAL INFORMATION
fixed length control field 251221b1996 ua ||||fr|||| 00| 0 eng d
040 ## - CATALOGING SOURCE
Original cataloging agency EG-GiCUC
Language of cataloging eng
Transcribing agency EG-GiCUC
Modifying agency EG-GiCUC
Description conventions rda
082 04 - DEWEY DECIMAL CLASSIFICATION NUMBER
Edition number 21
Classification number 343
092 04 - LOCALLY ASSIGNED DEWEY CALL NUMBER (OCLC)
Edition number 21
099 ## - LOCAL FREE-TEXT CALL NUMBER (OCLC)
Classification number Law 10 1996
100 1# - MAIN ENTRY--PERSONAL NAME
Personal name Belal, Ahmed Awad.
245 10 - TITLE STATEMENT
Title Outline of the English legal system and selected legal readings /
Statement of responsibility, etc. Dr. Ahmed Awad Belal.
246 1# - VARYING FORM OF TITLE
Title proper/short title دراسة موجزة عن النظام القانونى الإنجليزى وقراءات قانونية مختارة
264 ## - PRODUCTION, PUBLICATION, DISTRIBUTION, MANUFACTURE, AND COPYRIGHT NOTICE
Place of production, publication, distribution, manufacture Cairo :
Name of producer, publisher, distributor, manufacturer Dar El Nahda El Arabia,
Date of production, publication, distribution, manufacture, or copyright notice 1996.
300 ## - PHYSICAL DESCRIPTION
Extent 286 pages ;
Dimensions 25 cm
336 ## - CONTENT TYPE
Source rda content
Content type term text
337 ## - MEDIA TYPE
Source rda media
Media type term Computer
338 ## - CARRIER TYPE
Source rda carrier
Carrier type term Online Resource
500 ## - GENERAL NOTE
General note Book1 : Outline of the English legal system and selected legal readings.
650 10 - SUBJECT ADDED ENTRY--TOPICAL TERM
Topical term or geographic name entry element Criminal law
Geographic subdivision Egypt
856 40 - ELECTRONIC LOCATION AND ACCESS
Uniform Resource Identifier <a href="https://fll.law.cu.edu.eg/fulltext/bks/ENGB10-00061.pdf">https://fll.law.cu.edu.eg/fulltext/bks/ENGB10-00061.pdf</a>
905 ## - Cataloger and Reviser Names
Cataloger Name: Hend El khosy
942 ## - ADDED ENTRY ELEMENTS (KOHA)
Source of classification or shelving scheme Dewey Decimal Classification
Koha item type Books
Edition 21
Suppress in OPAC No
Holdings
Withdrawn status Lost status Source of classification or shelving scheme Damaged status Not for loan Collection Home library Current library Date acquired Total checkouts Full call number Barcode Date last seen Copy number Price effective from Koha item type Public note
    Dewey Decimal Classification     القانون الجنائي جــــامعة القــاهرة مكتبة كلية الحقوق - فـرع الشيخ زايد 21.12.2025   Law2 T B 10 343 BE . O 1996 1000061 C1 ENGB10-00061 21.12.2025 1 21.12.2025 Books 1470
    Dewey Decimal Classification     القانون الجنائي جــــامعة القــاهرة مكتبة كلية الحقوق - فـرع الشيخ زايد 21.12.2025   Law2 T B 10 343 BE . O 1996 1000062 C2 ENGB10-00062 21.12.2025 2 21.12.2025 Books 1471

© All rights reserved — Faculty of Law, Cairo University